000 00427cam a2200169ua 4500
020 _c6.00
041 _amal
_h
082 _a954
_bPAN/IN
100 _aPanikkar, K M .
245 _aIndiacharitravalokanam /
_cK M Panikkar.
_hTextual Documents
260 _aKottayam :
_bSahitya Pravarthaka Co-operative Society ,
_c1960.
300 _a383 ; .
365 _a6.00
504 _a
942 _cBK
999 _c4904
_d4904